The Biogeography of Host-Parasite Interactions. (Record no. 6674)

MARC details
000 -LEADER
fixed length control field 00506nam a22001817a 4500
003 - CONTROL NUMBER IDENTIFIER
control field OSt
005 - DATE AND TIME OF LATEST TRANSACTION
control field 20200228101105.0
008 - FIXED-LENGTH DATA ELEMENTS--GENERAL INFORMATION
fixed length control field 200228b ||||| |||| 00| 0 eng d
020 ## - INTERNATIONAL STANDARD BOOK NUMBER
International Standard Book Number 978019956135
040 ## - CATALOGING SOURCE
Transcribing agency DDC
082 ## - DEWEY DECIMAL CLASSIFICATION NUMBER
Classification number 578.09B10 2010.
100 ## - MAIN ENTRY--PERSONAL NAME
Personal name Morand,Serge;Krasnov,R.Boris;
9 (RLIN) 13725
245 ## - TITLE STATEMENT
Title The Biogeography of Host-Parasite Interactions.
260 ## - PUBLICATION, DISTRIBUTION, ETC. (IMPRINT)
Place of publication, distribution, etc. New York,
Name of publisher, distributor, etc. Oxford University Press.
Date of publication, distribution, etc. 2010.
300 ## - PHYSICAL DESCRIPTION
Extent x,277p;
Other physical details ill.
Dimensions 26cm.
504 ## - BIBLIOGRAPHY, ETC. NOTE
Bibliography, etc Includes Index.
942 ## - ADDED ENTRY ELEMENTS (KOHA)
Source of classification or shelving scheme Dewey Decimal Classification
Koha item type Open Shelf
Holdings
Withdrawn status Lost status Source of classification or shelving scheme Damaged status Not for loan Home library Current library Date acquired Source of acquisition Inventory number Total Checkouts Full call number Barcode Date last seen Price effective from Koha item type
    Dewey Decimal Classification     MUST Main Library MUST Main Library 28/02/2020 Purchase 11/35075   578.09B10 2010. 2020-0594 28/02/2020 28/02/2020 Open Shelf